[Event "CZE-chT U18 Extraliga final-B 1617"]
[Site "Czech Republic"]
[Date "2017.04.21"]
[Round "8.5"]
[White "Kozbert, Tomas"]
[Black "Prochazka, Ludvik"]
[Result "0-1"]
[WhiteElo "1799"]
[BlackElo "1642"]
[PlyCount "93"]
[EventDate "2016.10.01"]
[EventType "team-tourn"]
[EventRounds "11"]
[EventCountry "CZE"]
[SourceTitle "EXT 2022"]
[Source "ChessBase"]
[SourceDate "2021.10.06"]
[SourceVersion "1"]
[SourceVersionDate "2021.10.06"]
[SourceQuality "1"]
[WhiteTeam "Praha Bohemians U18"]
[BlackTeam "Hostalkova U18"]
[WhiteTeamCountry "CZE"]
[BlackTeamCountry "CZE"]

1. d4 Nf6 2. c4 g6 3. Nc3 Bg7 4. e4 d6 5. Nf3 0-0 6. Be2 Nbd7 7. 0-0 Re8 8. Qc2 e5 9. d5 a5 10. Na4 b6 11. Bd2 Rf8 12. Rac1 Ne8 13. Bd3 Nc5 14. Nxc5 bxc5 15. a3 f5 16. Ng5 h6 17. Ne6 Bxe6 18. dxe6 f4 19. Qa4 f3 20. Qc6 Rb8 21. Qd7 Qh4 22. e7 Rf7 23. g3 Qxe7 24. Qxe7 Rxe7 25. Bxa5 Rxb2 26. Rb1 Ra2 27. Ra1 Rxa1 28. Rxa1 c6 29. Bb6 Rb7 30. Rb1 Nc7 31. Bxc7 Rxc7 32. a4 Ra7 33. Bc2 Ra6 34. Rb3 Kf7 35. Rxf3+ Ke6 36. Kg2 g5 37. Rd3 Rb6 38. Rb3 Rb4 39. Ra3 d5 40. cxd5+ cxd5 41. exd5+ Kxd5 42. a5 Rb8 43. a6 c4 44. Ra5+ Kd4 45. a7 Ra8 46. f3 g4 47. Be4 0-1

[Event "CZE-chT U18 Extraliga Ost 1617"]
[Site "Czech Republic"]
[Date "2016.10.02"]
[Round "3.5"]
[White "Koci, Tereza"]
[Black "Prochazka, Ludvik"]
[Result "0-1"]
[WhiteElo "1745"]
[BlackElo "1642"]
[PlyCount "62"]
[EventDate "2016.10.01"]
[EventType "team-tourn"]
[EventRounds "11"]
[EventCountry "CZE"]
[SourceTitle "EXT 2022"]
[Source "ChessBase"]
[SourceDate "2021.10.06"]
[SourceVersion "1"]
[SourceVersionDate "2021.10.06"]
[SourceQuality "1"]
[WhiteTeam "Jicin U18"]
[BlackTeam "Hostalkova U18"]
[WhiteTeamCountry "CZE"]
[BlackTeamCountry "CZE"]

1. d4 Nf6 2. c4 g6 3. Nc3 Bg7 4. Nf3 d6 5. e4 0-0 6. Be2 c6 7. 0-0 Qc7 8. Be3 e5 9. dxe5 dxe5 10. Qc2 Be6 11. Rfd1 Nbd7 12. h3 Nh5 13. Ng5 Nf4 14. Nxe6 Nxe6 15. Bg4 Nd4 16. Qc1 f5 17. exf5 gxf5 18. Be2 Nxe2+ 19. Nxe2 f4 20. Bd2 Nc5 21. Bb4 Qb6 22. Bxc5 Qxc5 23. Qc2 f3 24. Ng3 fxg2 25. Kxg2 Rf4 26. Nh5 Rxc4 27. Qf5 Rf8 28. Qe6+ Kh8 29. Rd2 Rc2 30. Rad1 Rxf2+ 31. Kh1 Rcxd2 0-1